駅名に「州」が含まれる駅 - Statistics

General Stats
  • This quiz has been taken 61 times
  • The average score is 11 of 26
Answer Stats
路線 Answer % Correct
赤穂線 播州赤穂
76%
長野電鉄長野線 信州中野
67%
上信電鉄上信線 上州富岡
64%
東武伊勢崎線 野州山辺
58%
東武越生線 武州長瀬
53%
東武宇都宮線 野州大塚
51%
東武越生線 武州唐沢
49%
天竜浜名湖鉄道天竜浜名湖線 遠州森
49%
遠州鉄道鉄道線 遠州病院
47%
上信電鉄上信線 上州七日市
42%
上信電鉄上信線 上州福島
42%
遠州鉄道鉄道線 遠州小松
42%
遠州鉄道鉄道線 遠州岩水寺
42%
東武宇都宮線 野州平川
38%
遠州鉄道鉄道線 遠州小林
38%
秩父鉄道秩父本線 武州中川
36%
秩父鉄道秩父本線 武州日野
36%
秩父鉄道秩父本線 武州荒木
33%
一畑電車北松江線 雲州平田
33%
鹿児島本線 九州工大前
33%
遠州鉄道鉄道線 遠州西ヶ崎
31%
遠州鉄道鉄道線 遠州芝本
31%
上信電鉄上信線 上州新屋
29%
上信電鉄上信線 上州一ノ宮
27%
平成筑豊鉄道門司港レトロ観光線 九州鉄道記念館
24%
多摩都市モノレール 甲州街道
22%
No matching quizzes found
Score Distribution
Percent of People with Each Score
Percentile by Number Answered
Your Score History
You have not taken this quiz